Electric machinery fundamentals (Record no. 1110)

000 -LEADER
fixed length control field 00674nam a22002294a 4500
001 - CONTROL NUMBER
control field 1110
003 - CONTROL NUMBER IDENTIFIER
control field BD-DhUET
008 - FIXED-LENGTH DATA ELEMENTS--GENERAL INFORMATION
fixed length control field 030923s2005 nyua b 001 0 eng
020 ## - INTERNATIONAL STANDARD BOOK NUMBER
International Standard Book Number 0071151559
040 ## - CATALOGING SOURCE
Original cataloging agency DLC
Transcribing agency DLC
Modifying agency BD-DhUET
082 00 - DEWEY DECIMAL CLASSIFICATION NUMBER
Classification number 623
Item number CHA/2005
100 1# - MAIN ENTRY--PERSONAL NAME
Personal name Chapman, Stephen J.
245 10 - TITLE STATEMENT
Title Electric machinery fundamentals
250 ## - EDITION STATEMENT
Edition statement 4th ed.
260 ## - PUBLICATION, DISTRIBUTION, ETC. (IMPRINT)
Place of publication, distribution, etc. Boston
Name of publisher, distributor, etc. McGraw-Hill
Date of publication, distribution, etc. 2005
300 ## - PHYSICAL DESCRIPTION
Extent xxii, 746p.
Other physical details ill.
Dimensions 24 cm.
500 ## - GENERAL NOTE
General note Includes bibliographies
650 #0 - SUBJECT ADDED ENTRY--TOPICAL TERM
Topical term or geographic name as entry element Electric engineering
856 41 - ELECTRONIC LOCATION AND ACCESS
Uniform Resource Identifier http://www.loc.gov/catdir/toc/mh041/2003065174.html
856 42 - ELECTRONIC LOCATION AND ACCESS
Uniform Resource Identifier http://www.loc.gov/catdir/description/mh041/2003065174.html
942 ## - ADDED ENTRY ELEMENTS (KOHA)
Koha item type General Book
Holdings
Koha renewals Not for loan Koha item type Lost status Location (home branch) Sublocation or collection (holding branch) Koha date last seen Price effective from Koha out on loan Source of classification or shelving scheme Date acquired Piece designation (barcode) Damaged status Koha issues (times borrowed) Koha normalized classification for sorting Shelving location Withdrawn status Copy number Koha date last borrowed Koha full call number
  General Book Central Library, BUETCentral Library, BUET2025-04-162014-08-30  2014-08-30103333 15623_000000000000000_CHA_2005Circulation section 12024-12-18623/CHA/2005
  General Book Central Library, BUETCentral Library, BUET2026-04-152014-08-30  2014-08-30103335 23623_000000000000000_CHA_2005Circulation section 22026-03-30623/CHA/2005
  General Book Central Library, BUETCentral Library, BUET2016-02-272014-08-302017-02-26 2014-08-30103336 2623_000000000000000_CHA_2005Circulation section 32016-02-27623/CHA/2005
1 General Book Central Library, BUETCentral Library, BUET2022-11-222014-08-302022-12-06 2014-08-30103337 11623_000000000000000_CHA_2005Circulation section 42022-11-22623/CHA/2005
  General Book Central Library, BUETCentral Library, BUET2025-12-012015-01-262025-12-15 2015-01-26103339 17623_000000000000000_CHA_2005Circulation section 52025-12-01623/CHA/2005
  General Book Central Library, BUETCentral Library, BUET2026-02-032015-12-30  2015-12-30103340 25623_000000000000000_CHA_2005Circulation section 62026-01-07623/CHA/2005